<?xml version="1.0" encoding="UTF-8"?>
<record
    xmlns:xsi="http://www.w3.org/2001/XMLSchema-instance"
    xsi:schemaLocation="http://www.loc.gov/MARC21/slim http://www.loc.gov/standards/marcxml/schema/MARC21slim.xsd"
    xmlns="http://www.loc.gov/MARC21/slim">

  <leader>03020cam a22002651a 4500</leader>
  <datafield tag="999" ind1=" " ind2=" ">
    <subfield code="c">4600</subfield>
    <subfield code="d">4600</subfield>
  </datafield>
  <controlfield tag="001">33153152</controlfield>
  <controlfield tag="003">OCoLC</controlfield>
  <controlfield tag="005">20190328153958.0</controlfield>
  <controlfield tag="008">950919s1949    miu           000 0 eng  </controlfield>
  <datafield tag="010" ind1=" " ind2=" ">
    <subfield code="a">   49050070</subfield>
  </datafield>
  <datafield tag="035" ind1=" " ind2=" ">
    <subfield code="a">(OCoLC)33153152</subfield>
    <subfield code="z">(OCoLC)753573</subfield>
  </datafield>
  <datafield tag="040" ind1=" " ind2=" ">
    <subfield code="a">DLC</subfield>
    <subfield code="c">PB4</subfield>
    <subfield code="d">DLC</subfield>
    <subfield code="d">HNW</subfield>
    <subfield code="d">WY@</subfield>
  </datafield>
  <datafield tag="042" ind1=" " ind2=" ">
    <subfield code="a">premarc</subfield>
  </datafield>
  <datafield tag="050" ind1="0" ind2="0">
    <subfield code="a">BT75</subfield>
    <subfield code="b">.T39</subfield>
  </datafield>
  <datafield tag="082" ind1=" " ind2="4">
    <subfield code="a">REF 230</subfield>
    <subfield code="b">T439I</subfield>
  </datafield>
  <datafield tag="092" ind1=" " ind2=" ">
    <subfield code="a">230</subfield>
    <subfield code="b">T439</subfield>
  </datafield>
  <datafield tag="100" ind1="1" ind2=" ">
    <subfield code="a">Thiessen, Henry Clarence,</subfield>
    <subfield code="d">1883-1947.</subfield>
  </datafield>
  <datafield tag="245" ind1="1" ind2="0">
    <subfield code="a">Introductory lectures in systematic theology /</subfield>
    <subfield code="c">by Henry Clarence Thiessen.</subfield>
  </datafield>
  <datafield tag="260" ind1=" " ind2=" ">
    <subfield code="a">Grand Rapids, MI :</subfield>
    <subfield code="b">Eerdmans,</subfield>
    <subfield code="c">1949</subfield>
  </datafield>
  <datafield tag="300" ind1=" " ind2=" ">
    <subfield code="a">574 p. ;</subfield>
    <subfield code="c">23 cm.</subfield>
  </datafield>
  <datafield tag="500" ind1=" " ind2=" ">
    <subfield code="a">Based on author's syllabus: An outline of lectures in systematic theology.</subfield>
  </datafield>
  <datafield tag="505" ind1="0" ind2=" ">
    <subfield code="a">Prolegomena. The nature and necessity of theology ; The possibility and divisions of theology -- Theism. Definition and existence of God ; The non-Christian world views -- Bibliology. The Scriptures the embodiment of a divine revelation ; The genuineness, credibility, and canonicity of the books of the Bible ; The inspiration of the Scriptures -- Theology. The nature of God : essence and attributes ; The nature of God : unity and Trinity ; The decrees of God ; The works of God : creation ; The works of God : his sovereign rule -- Angelology. The origin, nature, fall, and classification of the angels ; The work and destiny of the angels -- Anthropology. The origin and original character of man ; The unity and permanent constitution of man ; The fall of man : background and problems ; The fall of man : fact and immediate consequences ; The fall of man : imputation and racial consequences -- The fall of man : the nature and final consequences of sin -- Soteriology. The purpose, plan, and method of God ; The person of Christ : historical views and pre-incarnate state ; The person of Christ : the humiliation of Christ ; The person of Christ : the two natures and the character of Christ ; The work of Christ : his death--importance and misinterpretation ; The work of Christ : his death--it's true meaning and extent ; The work of Christ : his resurrection and ascension ; Election and vocation ; Conversion ; Justification and regeneration ; Union with Christ and adoption ; Sanctification ; Perseverance ; The means of grace -- Ecclesiology. Introductory : definition and founding of the church ; The foundation of the church, the manner of the founding, and the organization of churches ; The ordinances of the church ; The mission and destiny of the church -- Eschatology. The second coming of Christ : importance of the doctrine and nature of his coming ;  The second coming of Christ : the purpose of his coming into the air ; The second coming of Christ : the purpose of his coming to earth and the period between the rapture and the revelation ; The time of his coming : premillennial ; The time of his coming : pre-tribulational ; The resurrections ; The judgments ; The millennium ; The final state.</subfield>
  </datafield>
  <datafield tag="650" ind1=" " ind2="0">
    <subfield code="a">Theology, Doctrinal.</subfield>
  </datafield>
  <datafield tag="942" ind1=" " ind2=" ">
    <subfield code="2">ddc</subfield>
    <subfield code="c">REF</subfield>
  </datafield>
  <datafield tag="952" ind1=" " ind2=" ">
    <subfield code="0">0</subfield>
    <subfield code="1">0</subfield>
    <subfield code="2">ddc</subfield>
    <subfield code="4">0</subfield>
    <subfield code="7">1</subfield>
    <subfield code="8">REF</subfield>
    <subfield code="a">HMC</subfield>
    <subfield code="b">HMC</subfield>
    <subfield code="c">REF</subfield>
    <subfield code="d">2018-12-10</subfield>
    <subfield code="g">560.00</subfield>
    <subfield code="l">0</subfield>
    <subfield code="o">REF 230 T439I</subfield>
    <subfield code="p">005277</subfield>
    <subfield code="r">2018-12-10 00:00:00</subfield>
    <subfield code="w">2018-12-10</subfield>
    <subfield code="y">REF</subfield>
  </datafield>
</record>
